000 00624nam a2200265Ia 4500
005 20260306164231.0
008 008 260114s9999 xx 000 0 eng d
020 _a9780226333885
037 _aEBOOK
040 _aCRL
040 _beng
040 _cCRL
041 _2eng
041 _aeng
084 _qCRL
100 _aHiggs, Light, Strong
_91130257
245 0 _aTechnology And The Good Life?
260 _bUniversity of Chicago Press
260 _c2013
650 _aPhilosophy
856 _uhttps://academic.oup.com/book/14592
942 _cEBOOK
999 _c1713291
_d1713291